000 00883nam a2200265Ia 4500
003 OSt
005 20221005025702.0
006 a|||||r|||| 00| 0
007 ta
008 221004b |||||||| |||| 00| 0 eng d
020 _a9781591588979 (pbk)
_c2065.94
024 _a106969
037 _b31199, 11/02/2011, Segment Book Distributors
_cTextual
040 _aCRL
_cCRL
_beng
041 _2eng
_aeng
082 _a2:(D65,8(B)), Q0
100 _aWebber Desiree
_9582010
245 0 _aIntegrated library systems
_b Planning, selecting, and implementing
260 _aCalifornia
_bLibraries Unlimited U.S.A
_c2010
300 _axii, 183p.
_ccm.
650 _aLIBRARY SCIENCE
700 _a Peter Andrew
_9582011
942 _h2:(D65,8(B)), Q0
_cTEXL
_2cc
999 _c935118
_d935118